Loading...
| History - Other | 0 | 6 | 1 | 0 | 55 | 44 | 84.83 | 1 | 6 | 0.00 | 0.00 |
| History - American | 0 | 4 | 0 | 1 | 40 | 105 | 115.25 | 0 | 3 | 0.00 | 0.00 |
| History - European | 0 | 4 | 2 | 0 | 30 | 16 | 49.75 | 2 | 4 | 0.00 | 0.00 |
| Religion | 0 | 2 | 0 | 0 | 20 | 68 | 83.50 | 1 | 2 | 0.00 | 0.00 |
| History - World | 0 | 3 | 2 | 1 | 20 | 86 | 96.00 | 1 | 3 | 0.00 | 0.00 |
| Mythology | 0 | 3 | 2 | 0 | 20 | 68 | 85.00 | 2 | 3 | 0.00 | 0.00 |
| Science - Biology | 0 | 2 | 0 | 0 | 20 | 98 | 115.00 | 0 | 2 | 0.00 | 0.00 |
| Fine Arts - Other | 0 | 1 | 0 | 0 | 10 | 76 | 76.00 | 1 | 1 | 0.00 | 0.00 |
| Other Academic | 0 | 1 | 1 | 0 | 5 | 91 | 91.00 | 0 | 0 | 0.00 | 0.00 |
| Science - Physics | 0 | 0 | 1 | 0 | -5 | 0.00 | 0 | 0 | 0.00 | 0.00 |